| 000 | 00547nam a22002057a 4500 | ||
|---|---|---|---|
| 999 |
_c7376 _d7376 |
||
| 003 | OSt | ||
| 005 | 20211025120958.0 | ||
| 008 | 211025b ||||| |||| 00| 0 eng d | ||
| 020 | _a9783540765159 | ||
| 040 | _c DDC | ||
| 082 | _a330.015HEN 2008 | ||
| 100 |
_aHendry,David F.; _914166 |
||
| 245 |
_aDynamic Econometrics. _cEdited by Hendry,David F.; |
||
| 250 | _a4th Ed. | ||
| 260 |
_aUSA. _bSpringer. _c2008 |
||
| 300 |
_axv,392p; _bill; _c25cm |
||
| 504 | _aIncludes; References and index. | ||
| 650 |
_aEconomics _9975 |
||
| 942 |
_2ddc _cO_SHELF |
||